| 000 | 00844nam a2200217Ia 4500 | ||
|---|---|---|---|
| 008 | 150520s9999 xx 000 0 und d | ||
| 050 | _aLB 1062.6 | ||
| 050 | _b.A483 2015 | ||
| 100 | _aAlvarez, Ma. Francheska Maxima P. | ||
| 245 | 4 | _aThe type of motivation and academic performance between traditional and non traditional nursing student of southville international school and colleges / | |
| 245 | _cMa. Francheska Maxima P. Alvarez, Emerald Jem P. Belangoy, John Anthony A. Ngo, Mark Anthony N. Salunga, Shoko E. Tsuchida. | ||
| 260 | _aLas PiƱas, Philippines : | ||
| 260 | _bSISC, | ||
| 260 | _c2015. | ||
| 300 | _a73 pages : | ||
| 300 | _bcolor illustrations ; | ||
| 300 | _c28 cm. | ||
| 500 | _aIncludes bibliographical references and appendices. | ||
| 650 | _aAcademic Achievement | ||
| 650 | _aEducational Psychology | ||
| 999 |
_c284037 _d284037 |
||